logo

Bir Sreshtho Munshi Abdur Rouf Library
Jhenaidah Cadet College

Machine tool operation / (Record no. 8468)

MARC details
000 -LEADER
fixed length control field 00684nam a22002531 4500
001 - CONTROL NUMBER
JCCL Control Number 8468
003 - CONTROL NUMBER IDENTIFIER
JCCL marc code BD-JhCC
005 - DATE AND TIME OF LATEST TRANSACTION
control field 20180627084447.0
008 - FIXED-LENGTH DATA ELEMENTS--GENERAL INFORMATION
fixed length control field 721219m19599999nyua 000 0 eng
035 ## - SYSTEM CONTROL NUMBER
system control number (BD-JhCC)8468
040 ## - CATALOGING SOURCE
Original cataloging agency DLC
Transcribing agency DLC
Modifying agency DLC
041 ## - LANGUAGE CODE
Language code of Book eng
050 00 - LIBRARY OF CONGRESS CALL NUMBER
Classification number TJ1160
Item number .B8762
082 00 - DEWEY DECIMAL CLASSIFICATION NUMBER
Classification number 621.75
Author mark and Year BUR 1960
100 1# - MAIN ENTRY--PERSONAL NAME
Personal name Burghardt, Henry D.
245 00 - TITLE STATEMENT
Title Machine tool operation /
Statement of responsibility, etc Henry D. Burghardt, Aaron Axelrod and James Anderson.
250 ## - EDITION STATEMENT
Edition statement 5th ed.
260 ## - PUBLICATION, DISTRIBUTION, ETC. (IMPRINT)
Place of publication, distribution, etc New York,
Name of publisher, distributor, etc McGraw-Hill
Date of publication, distribution, etc [1959-
300 ## - PHYSICAL DESCRIPTION
Pagination v. 680 p. :
Other physical details illus.
Dimensions 21 cm.
650 #0 - SUBJECT ADDED ENTRY--TOPICAL TERM
Topical term or geographic name as entry element Machine-shop practice.
650 #0 - SUBJECT ADDED ENTRY--TOPICAL TERM
Topical term or geographic name as entry element Machine-tools.
942 ## - ADDED ENTRY ELEMENTS (KOHA)
Source of classification or shelving scheme Dewey Decimal Classification
Koha item type Books
Holdings
Source of classification or shelving scheme Damaged status Not for loan Home library Current library Shelving location Date of accession Total Checkouts Full call number Barcode Date last seen Copy number Koha item type
Dewey Decimal Classification     JCC Rouf Library JCC Rouf Library General Stacks 02/25/2018   621.75 BUR 1960 11133 02/25/2018 C-1 Books

JCC Library | Contacts | JCC Home

Last Update on 23 September 2017
Copyright @ 2017-2020 JCC Rouf Library
Rouf Library, Jhenidah Cadet College (JCC), Bangladesh